| 000 | 01462cas a2200409 a 4500 | ||
|---|---|---|---|
| 001 | 15032523 | ||
| 003 | OSt | ||
| 005 | 20140606140819.0 | ||
| 007 | t| | ||
| 008 | 071003c20089999nyugr | a0eng c | ||
| 010 | _a 2007213721 | ||
| 020 | _a9781438071275 | ||
| 022 | 0 |
_a1940-3089 _21 |
|
| 035 | _a(OCoLC)ocn173643760 | ||
| 037 | _bBarron's Educational Series, Inc., 250 Wireless Blvd., Hauppauge, NY 11788 | ||
| 040 |
_aNSDP _beng _cNSDP _dNSDP _dDLC _dOCoLC _dCaBVa _dOCoLC |
||
| 042 |
_apcc _ansdp |
||
| 050 | 0 | 0 |
_aQA309 _b.B372 2012 |
| 082 | 1 | 0 |
_a004 _214 |
| 082 | 0 | 4 | _a515.076 |
| 222 | 0 | _aBarron's AP calculus | |
| 245 | 0 | 0 | _aBarron's AP calculus. |
| 246 | 1 | 3 | _aAP calculus |
| 260 |
_aHauppauge, NY : _bBarron's Educational Series, Inc. |
||
| 310 | _aEvery two years | ||
| 362 | 1 | _aBegan with 9th ed. (2008). | |
| 580 | _aAlso published in a separate ed. with CD-ROM. | ||
| 650 | 0 |
_aCalculus _xExaminations _vStudy guides. _927446 |
|
| 650 | 0 |
_aAdvanced placement programs (Education) _xExaminations _vStudy guides. _927447 |
|
| 710 | 2 |
_aBarron's Educational Series, Inc. _927448 |
|
| 780 | 0 | 0 | _tBarron's how to prepare for the AP advanced placement exam. Calculus |
| 787 | 1 |
_tBarron's AP calculus (Print with CD-ROM) _x1940-3119 _w(DLC) 2007213726 _w(OCoLC)173649182 |
|
| 906 |
_a7 _bcbc _cserials _d2 _encip _f20 _gn-oclcserc |
||
| 942 |
_2lcc _cBK |
||
| 999 |
_c59192 _d59166 |
||